Моделирование и исследование физических объектов в системах автоматизации экспериментов (Запись № 11635094)
[ простой вид ]
| 000 -МАРКЕР | |
|---|---|
| контрольное поле | 01885nam0a2200325 4500 |
| 001 - ИДЕНТИФИКАТОР ЗАПИСИ | |
| контрольное поле | RU\NLR\BIBL_A\011752350 |
| 005 - ИДЕНТИФИКАТОР ВЕРСИИ | |
| контрольное поле | 20260407075900.0 |
| 035 ## - ДРУГИЕ СИСТЕМНЫЕ НОМЕРА | |
| Идентификатор записи | (NLR Aleph) 011752350 |
| 100 ## - ДАННЫЕ ОБЩЕЙ ОБРАБОТКИ | |
| Данные общей обработки | 20180716d1985 |||y0rusy50 ca |
| 101 0# - ЯЗЫК РЕСУРСА | |
| Язык текста, звукозаписи и т.д. | русский |
| 102 ## - СТРАНА ПУБЛИКАЦИИ ИЛИ ПРОИЗВОДСТВА | |
| Страна публикации | Российская Федерация |
| 105 ## - ПОЛЕ КОДИРОВАННЫХ ДАННЫХ: ТЕКСТОВЫЕ МАТЕРИАЛЫ, МОНОГРАФИЧЕСКИЕ | |
| Кодированные данные о монографическом текстовом документе | y z 000yy |
| 200 1# - ЗАГЛАВИЕ И СВЕДЕНИЯ ОБ ОТВЕТСТВЕННОСТИ | |
| Основное заглавие | Моделирование и исследование физических объектов в системах автоматизации экспериментов |
| Первые сведения об ответственности | А.Г. Баданов, В.А. Кутуков, Г.Н. Соловьев, П.И. Сущинский |
| 210 ## - ПУБЛИКАЦИЯ, РАСПРОСТРАНЕНИЕ И ДР. | |
| Место издания, распространения и т.д. | Москва |
| Имя издателя, распространителя и т. д. | МИФИ |
| Дата издания, распространения и т.д. | 1985 (вып. дан. 1986) |
| 215 ## - ФИЗИЧЕСКАЯ ХАРАКТЕРИСТИКА | |
| Специфическое обозначение материала и объем | 21 с. |
| Другие сведения о физической характеристике | схем. |
| Размеры | 20 |
| 225 1# - СЕРИЯ | |
| Основное заглавие серии | Препринт |
| Сведения об ответственности | Министерство высшего и среднего специального образования СССР, Московский инженерно-физический институт |
| Обозначение тома | 034-85 |
| 320 ## - ПРИМЕЧАНИЯ О НАЛИЧИИ В ДОКУМЕНТЕ БИБЛИОГРАФИИ / УКАЗАТЕЛЯ | |
| Текст примечания | Библиогр.: с. 19-20. |
| 606 1# - НАИМЕНОВАНИЕ ТЕМЫ КАК ПРЕДМЕТ | |
| Наименование темы | Эксперимент |
| Тематический подзаголовок | Автоматизация |
| Системный номер авторитетной/нормативной записи | 1299101 |
| Идентификатор авторитетной/нормативной записи | RU\NLR\AUTH\66220423 |
| 686 1# - ИНДЕКСЫ ДРУГИХ КЛАССИФИКАЦИЙ | |
| Индекс | Ч215.31 |
| 701 #1 - ИМЯ ЛИЦА - АЛЬТЕРНАТИВНАЯ ОТВЕТСТВЕННОСТЬ | |
| Графика поля | Кириллица |
| Материалы, к которым относится поле | rus |
| Начальный элемент ввода | Баданов |
| Часть имени, кроме начального элемента ввода | А. Г. |
| Даты | 1943- |
| Расширение инициалов личного имени | Алексей Геннадьевич |
| Системный номер авторитетной/нормативной записи | 191457 |
| Идентификатор авторитетной/нормативной записи | RU\NLR\AUTH\770191508 |
| 701 #1 - ИМЯ ЛИЦА - АЛЬТЕРНАТИВНАЯ ОТВЕТСТВЕННОСТЬ | |
| Начальный элемент ввода | Кутуков |
| Часть имени, кроме начального элемента ввода | В. А. |
| Расширение инициалов личного имени | Виктор Александрович |
| 701 #1 - ИМЯ ЛИЦА - АЛЬТЕРНАТИВНАЯ ОТВЕТСТВЕННОСТЬ | |
| Графика поля | Кириллица |
| Материалы, к которым относится поле | rus |
| Начальный элемент ввода | Соловьев |
| Часть имени, кроме начального элемента ввода | Г. Н. |
| Дополнения к именам, кроме дат | д-р техн. наук, компьютер. технологии |
| Расширение инициалов личного имени | Геннадий Николаевич |
| Системный номер авторитетной/нормативной записи | 191470 |
| Идентификатор авторитетной/нормативной записи | RU\NLR\AUTH\770191521 |
| 701 #1 - ИМЯ ЛИЦА - АЛЬТЕРНАТИВНАЯ ОТВЕТСТВЕННОСТЬ | |
| Начальный элемент ввода | Сущинский |
| Часть имени, кроме начального элемента ввода | П. И. |
| Расширение инициалов личного имени | Павел Игоревич |
| 712 02 - НАИМЕНОВАНИЕ ОРГАНИЗАЦИИ - ВТОРИЧНАЯ ОТВЕТСТВЕННОСТЬ | |
| Код отношения | Издающая организация |
| Начальный элемент ввода | Московский инженерно-физический институт |
| Системный номер авторитетной/нормативной записи | 280679 |
| Идентификатор авторитетной/нормативной записи | RU\NLR\AUTH\884570 |
| 852 ## - МЕСТОНАХОЖДЕНИЕ И ШИФР ХРАНЕНИЯ | |
| Идентификатор организации | NLR |
| Шифр хранения (Call Number) | 87-4/19060 |
| 942 ## - ДОПОЛНИТЕЛЬНЫЕ ЭЛЕМЕНТЫ ЗАПИСИ (АБИС) | |
| Тип экземпляра АБИС | Книга |
| 980 ## - КОЛЛЕКЦИЯ | |
| Название коллекции | Национальная библиография |
Нет доступных экземпляров.